| 000 | 00639nam a2200217 a 4500 | ||
|---|---|---|---|
| 001 | 70375 | ||
| 003 | BD-RjUL | ||
| 005 | 20211209082006.0 | ||
| 008 | 170417s1954 enk||||| |||| 00| 0 eng d | ||
| 035 | _a(BD-RjUL)70589 | ||
| 040 |
_aBD-RjUL _beng _cBD-RjUL _dBD-RjUL |
||
| 041 | _aeng | ||
| 082 |
_223 _a515.2433 _bBEA 1954 |
||
| 100 | 1 |
_aBESIKOVICH, Abram Samoilovich _9208386 |
|
| 245 | 1 | 0 |
_aAlmost periodic functions / _cAbram Samoilovitch Besicovitch |
| 260 |
_aLondon : _bDover Publications, _c1954 |
||
| 300 |
_axiii, 180 p : _c21 cm. |
||
| 650 |
_aHarmonic analysis _9151905 |
||
| 650 |
_aFourier series. _9208387 |
||
| 942 |
_2ddc _cBK |
||
| 999 |
_c70375 _d70375 |
||